James Bond movies - songs - Statistics

General Stats
  • This quiz has been taken 35 times
  • The average score is 17 of 25
Answer Stats
James Bond Movie Song Name % Correct
Goldfinger goldfinger
94%
Diamonds are forever diamonds are forever
91%
Live and let die live and let die
91%
Skyfall skyfall
91%
Moonraker moonraker
88%
From Russia with love from russia with love
85%
No time to die no time to die
85%
The world is not enough the world is not enough
85%
Tomorrow never dies tomorrow never dies
85%
You only live twice you only live twice
85%
Die another day die another day
82%
For your eyes only for your eyes only
82%
Goldeneye goldeneye
82%
Thunderball thunderball
82%
The man with the golden gun the man with the golden gun
73%
A view to a kill a view to a kill
70%
The living daylights the living daylights
70%
Licence to kill licence to kill
67%
Casino royale you know my name
55%
Spectre writings on the wall
52%
Octopussy all time high
42%
The spy who loved me Nobody does it better
42%
Quantum of solace another way to die
27%
On her majestys secret service we have all the time in the world
27%
Dr No Kingston calypso
0%
No matching quizzes found
Score Distribution
Percent of People with Each Score
Percentile by Number Answered
Your Score History
You have not taken this quiz